|
|
|
|
| LEADER |
01415nam a2200325 a 4500 |
| 001 |
37819 |
| 003 |
BD-DhAAL |
| 005 |
20250527120434.0 |
| 008 |
220223t1997 nyua b 001 0 eng |
| 010 |
|
|
|a 96031305
|
| 020 |
|
|
|a 0393968359
|
| 020 |
|
|
|a 9780393968354
|
| 040 |
|
|
|a DLC
|c DLC
|d DLC
|d BD-DhAAL
|
| 050 |
0 |
0 |
|a HB172.5
|b .H35 1997
|
| 082 |
0 |
0 |
|a 339
|2 20
|
| 100 |
1 |
|
|a Hall, Robert Ernest,
|d 1943-
|9 46033
|
| 245 |
1 |
0 |
|a Macroeconomics /
|c Robert E. Hall, John B. Taylor.
|
| 246 |
3 |
|
|a Macro economics
|
| 250 |
|
|
|a Fifth edition.
|
| 260 |
|
|
|a New York :
|b W.W. Norton & Co.,
|c c1997.
|
| 300 |
|
|
|a xxiv, 528, 36 pages :
|b col. illustrations ;
|c 25 cm.
|
| 504 |
|
|
|a Includes bibliographical references and index.
|
| 541 |
|
|
|a Complimentary copy from BIED
|e 37819, 41852
|
| 650 |
|
0 |
|a Macroeconomics.
|9 46034
|
| 700 |
1 |
|
|a Taylor, John B.
|9 46035
|
| 852 |
|
|
|a Ayesha Abed Library
|c BIED Collection
|
| 942 |
|
|
|2 ddc
|c BK
|
| 999 |
|
|
|c 43568
|d 43568
|
| 952 |
|
|
|0 0
|1 0
|2 ddc
|4 0
|6 339_000000000000000_HAL
|7 0
|9 69877
|a BRACUL
|b BRACUL
|c GEN
|d 2022-02-23
|e Complimentary copy from BIED
|l 1
|o 339 HAL
|p 3010037819
|r 2022-07-27
|s 2022-07-20
|t 1
|w 2022-02-23
|y BK
|x Transferred from BIED to General Stacks
|
| 952 |
|
|
|0 0
|1 0
|2 ddc
|4 0
|6 339_000000000000000_HAL
|7 0
|9 74534
|a BRACUL
|b BRACUL
|c GEN
|d 2023-10-08
|e Complimentary copy from BIED
|l 1
|m 24
|o 339 HAL
|p 3010041852
|r 2024-10-22
|s 2024-02-24
|t 1
|w 2023-10-08
|y BK
|x Transferred from BIED to General Stacks
|